Rosa SS Lazio 2023-24 - Statistics

Statistiche generali
  • Questo quiz è stato fatto 196 volte
  • Il punteggio medio è 21 su 27
Statistiche sulle risposte
Numero Ruolo Giocatore Nazionalità % Corretto
94 POR Ivan Provedel Italia
97%
13 DIF Alessio Romagnoli Italia
94%
10 CEN Luis Alberto Spagna
93%
17 ATT Ciro Immobile Italia
91%
77 DIF Adam Marušić Montenegro
90%
6 CEN Daichi Kamada Giappone
90%
9 ATT Pedro Spagna
90%
35 POR Chrīstos Mandas Grecia
89%
19 ATT Valentín Castellanos Argentina
89%
34 DIF Mario Gila Spagna
88%
4 DIF Patric Spagna
88%
7 CEN Felipe Anderson Brasile
87%
18 ATT Gustav Isaksen Danimarca
87%
5 CEN Matías Vecino Uruguay
87%
8 CEN Mattéo Guendouzi Francia
85%
65 CEN Nicolò Rovella Italia
80%
23 DIF Elseid Hysaj Albania
78%
32 CEN Danilo Cataldi Italia
76%
29 CEN Manuel Lazzari Italia
76%
20 CEN Mattia Zaccagni Italia
73%
3 DIF Luca Pellegrini Italia
71%
15 DIF Nicolò Casale Italia
70%
(26) (CEN) (Toma Bašić) (Croazia)
65%
28 CEN André Anderson Italia
46%
33 POR Luigi Sepe Italia
44%
(16) (DIF) (Dimitrije Kamenović) (Serbia)
39%
22 ATT Diego González Paraguay
31%
Nessun quiz corrispondente trovato
Distribuzione punteggi
Percentuale di utenti per punteggio
Percentile per numero di risposta
I tuoi punteggi nel tempo
Non hai fatto questo quiz